Can it Follow 'DU'? Quiz Stats

Quiz Updated Dec 23, 2014

Also try: Can It Follow No?
Challenge
Share
Tweet
Embed
Score 0/20 Timer 01:00
7 Plays Today
% Correct
ck
97.4%
ct
95.8%
mp
95.5%
mb
95.5%
al
95.3%
et
95.3%
ll
95.1%
nk
94.7%
sk
93.5%
ne
93.5%
% Correct
de
93.2%
ng
92.8%
st
91.7%
pe
90.5%
el
88.8%
ty
88.3%
ly
81.2%
ds
80.7%
es
78.6%
ad
30.3%

You're not logged in!

Compare scores with friends on all Sporcle quizzes.
Sign Up with Email
OR
Log In

You Might Also Like...

Show Comments

Extras

Top Quizzes Today


Score Distribution

Your Account Isn't Verified!

In order to create a playlist on Sporcle, you need to verify the email address you used during registration. Go to your Sporcle Settings to finish the process.